The history of the conquest of Mexico by the Spaniards (Record no. 8670)

MARC details
000 -CABECERA
campo de control de longitud fija 01000nam a2200217 a 4500
001 - NÚMERO DE CONTROL
campo de control BRCA_9019
005 - FECHA Y HORA DE LA ÚLTIMA TRANSACCIÓN
campo de control 20190320210509.0
008 - DATOS DE LONGITUD FIJA--INFORMACIÓN GENERAL
campo de control de longitud fija 240717s1724----uk-a######---#000-0#eng-#
041 ## - CÓDIGO DE LENGUA
Código de lengua del texto/banda sonora o título independiente eng
044 ## - CÓDIGO DEL PAÍS DE LA ENTIDAD EDITORA/PRODUCTORA
Código MARC del país Uk
084 ## - OTRO NÚMERO DE CLASIFICACIÓN
Número de clasificación LM50
Número de documento/Ítem .S65 1724
100 1# - ENTRADA PRINCIPAL--NOMBRE DE PERSONA
Nombre de persona Solis, Antonio de
Fechas asociadas al nombre 1610 - 1686
9 (RLIN) 9916
245 10 - MENCIÓN DE TÍTULO
Título The history of the conquest of Mexico by the Spaniards
Mención de responsabilidad, etc. done into English from the Original Spanish of Don Antonio de Solis, Secretary and Historiographer to His Catholick Majesty; by Thomas Townsend Efq.
260 ## - PUBLICACIÓN, DISTRIBUCIÓN, ETC.
Lugar de publicación, distribución, etc. London
Nombre del editor, distribuidor, etc. Printed for T. woodward at the Half-Moon, and J. Hooke at the Flower-de-Luce, both against St. dunflná Church, in Fleet-Street; and J.Peele at Locke´s-head in Pater-Noster-Row
Fecha de publicación, distribución, etc. 1724
300 ## - DESCRIPCIÓN FÍSICA
Extensión 152 p.
Otras características físicas il.
Dimensiones 35.5 x 24 cm
500 ## - NOTA GENERAL
Nota general Estado físico: presenta encuadernación en piel y desprendimiento de la tapa posterior
651 #4 - PUNTO DE ACCESO ADICIONAL DE MATERIA--NOMBRE GEOGRÁFICO
Nombre geográfico México
Subdivisión general Historia
Subdivisión cronológica Conquista, 1519-1540
9 (RLIN) 442
700 1# - PUNTO DE ACCESO ADICIONAL--NOMBRE DE PERSONA
Nombre de persona Townsend, Thomas
9 (RLIN) 22366
902 ## - CATALOGADOR
Iniciales CFM
942 ## - ELEMENTOS DE PUNTO DE ACCESO ADICIONAL (KOHA)
Fuente del sistema de clasificación o colocación Library of Congress Classification
Tipo de ítem Koha Libros
Holdings
Estado de retiro Estado de pérdida Estado dañado No para préstamo Localización permanente Ubicación/localización actual Fecha de adquisición Total de préstamos Signatura topográfica completa Código de barras Fecha visto por última vez Precio válido a partir de Tipo de ítem Koha
El ejemplar forma parte de la colección y puede ser consultado según las políticas vigentes.       Biblioteca del Museo Franz Mayer (Rogerio Casas-Alatriste) Biblioteca del Museo Franz Mayer (Rogerio Casas-Alatriste) 24/07/2017   LM50 .S65 1724 CFM00290 22/03/2019 22/03/2019 Libros